| 000 | 00744nam a2200253Ia 4500 | ||
|---|---|---|---|
| 003 | OSt | ||
| 005 | 20220926004751.0 | ||
| 006 | a|||||r|||| 00| 0 | ||
| 007 | ta | ||
| 008 | 220923b |||||||| |||| 00| 0 eng d | ||
| 020 |
_a0761971266 _c1680.55 |
||
| 037 |
_b10698, 16/03/2005, Govinda _cGeneral Book |
||
| 040 |
_aRTL _cRTL _beng |
||
| 041 |
_2eng _aeng |
||
| 082 | _aY:(G: 6), P5 | ||
| 100 |
_aShilling Chris _9292361 |
||
| 245 | 0 | _aBody in culture , technology and society | |
| 260 |
_a New Delhi _bSage _c2005 |
||
| 300 |
_a247p _ccm. |
||
| 500 | _aBibliography P 210-234 | ||
| 650 | _aSociometry | ||
| 942 |
_hY:(G: 6), P5 _cGB _2CC |
||
| 999 |
_c612245 _d612245 |
||